| 000 | 00521nam a22001697a 4500 | ||
|---|---|---|---|
| 082 | _aP-820 | ||
| 245 | _aSeepage analysis, retrofitting of DPC and lowering of ground water in sialkot garrison | ||
| 260 |
_aRisalpur, _bMCE, _c2019. |
||
| 300 |
_a78p. _bill. _c30cm |
||
| 526 |
_a0 _b0 _c0 _dP_820 |
||
| 700 |
_aButt, Muhammad Abid _951651 |
||
| 700 |
_aKhalid, Bin Usman _951652 |
||
| 700 |
_aKhan, Khurram Sattar _951653 |
||
| 700 |
_aShabbir, Usman _951654 |
||
| 700 |
_aWazir, Nouman Mahmood _951655 |
||
| 942 |
_2ddc _cBK |
||
| 999 |
_c554254 _d554254 |
||